Community development in India (Record no. 3244)
[ view plain ]
| 000 -LEADER | |
|---|---|
| fixed length control field | 00382cam a2200169ua 4500 |
| 041 ## - LANGUAGE CODE | |
| Language code of text/sound track or separate title | eng |
| 082 ## - DEWEY DECIMAL CLASSIFICATION NUMBER | |
| Classification number | 307.14 |
| Item number | MUK/CO |
| 100 ## - MAIN ENTRY--AUTHOR NAME | |
| Personal name | Mukerjee, B . |
| 245 ## - TITLE STATEMENT | |
| Title | Community development in India |
| 260 ## - PUBLICATION, DISTRIBUTION, ETC. (IMPRINT) | |
| Place of publication | London : |
| Name of publisher | Orient-Longman Ltd , |
| Year of publication | 1962. |
| 300 ## - PHYSICAL DESCRIPTION | |
| Number of Pages | 311 ; . |
| 942 ## - ADDED ENTRY ELEMENTS (KOHA) | |
| Koha item type | Books |
| Withdrawn status | Lost status | Damaged status | Home library | Current library | Date acquired | Full call number | Accession Number | Koha item type | Public note |
|---|---|---|---|---|---|---|---|---|---|
| Withdrawn | KAUAET | KAUAET | 07/04/2012 | 307.14 | 4915 | Books | Deleted | ||
| Withdrawn | KAUAET | Sanskrit University | 07/04/2012 | 307.14 | 2485 | Books | |||
| Withdrawn | KAUAET | Sanskrit University | 07/04/2012 | 307.14 | 2484 | Books |
